Aproximaciones: de la arquitectura al detalle
Sparad:
| Huvudupphovsman: | |
|---|---|
| Materialtyp: | Bok |
| Språk: | spanska |
| Publicerad: |
Santiago
ARQ, Facultad de Arquitectura, Diseño y Estudios Urbanos, Pontificia Universidad Católica de Chile
2001
|
| Serie: | Serie Arte
Colección Arquitectura, 10 |
| Ämnen: | |
| Taggar: |
Lägg till en tagg
Inga taggar, Lägg till första taggen!
|
MARC
| LEADER | 00000nam a2200000 a 4500 | ||
|---|---|---|---|
| 001 | UCG3132 | ||
| 003 | CL-VaPUC | ||
| 008 | 100812e20011200CL |||||||||||||||||spa|d | ||
| 020 | |a 9561406519 | ||
| 082 | 0 | 4 | |a 721 |b CRI |2 21 |
| 100 | 0 | |a Crispiani, Alejandro |e author |9 552035 | |
| 245 | 1 | 0 | |a Aproximaciones: de la arquitectura al detalle |
| 942 | |c BK | ||
| 945 | |d 20100812 00:00:00 |a mfarfan | ||
| 260 | |a Santiago |b ARQ, Facultad de Arquitectura, Diseño y Estudios Urbanos, Pontificia Universidad Católica de Chile |c 2001 | ||
| 650 | 7 | |a DETALLES ARQUITECTONICOS |2 CL-VaPUC |9 326271 | |
| 650 | 0 | |a Arquitectura moderna |9 265021 | |
| 583 | |a last modification |c 20100812 00:00:00 |k Rodrigo Vera | ||
| 490 | 0 | |a Serie Arte | |
| 490 | 0 | |a Colección Arquitectura, 10 | |
| 999 | |c 342227 |d 342225 | ||
| 952 | |0 0 |1 0 |4 0 |6 721_000000000000000_CRI_2001 |7 0 |8 A |9 438299 |a BIBARQ |b BIBARQ |d 2019-11-22 |i 4703715 |l 1 |m 2 |o 721 CRI 2001 |p 4703715 |r 2025-01-20 |s 2024-09-05 |w 2019-11-22 |y BK |k ARQ | ||